| 000 | 00550cam a2200181 a 4500 | ||
|---|---|---|---|
| 020 | _a0813512360 : | ||
| 020 | _a0813512379 (pbk.) : | ||
| 040 | _cDLC | ||
| 082 | 0 | 0 | _a791 RUT 1987 A085 Or. |
| 245 | 0 | 3 |
_aLa Strada : _bFederico Fellini, director / |
| 260 |
_aNew Brunswick : _bRutgers University Press, _cc1987. |
||
| 300 |
_avi, 270 p. : _bill. ; _c21 cm. |
||
| 700 | 1 | _aFellini, Federico. | |
| 700 | 1 | _aBondanella, Peter E., | |
| 700 | 1 | _aGieri, Manuela. | |
| 856 | 4 | 2 | _uhttp://www.loc.gov/catdir/enhancements/fy1206/86027960-b.html |
| 942 | _cEK | ||
| 999 |
_c13157 _d13157 |
||